000 00490nam a2200205Ia 4500
001 13484
003 GE_BSU
008 181216s||||||||xx |||||||||||||| ||und||
040 _cGE_BSU
080 _a821.111.09
100 _aCarlyle,Thomas
245 _aEssays. Critical and Miscellaneous
245 _bIn Seven volumes vol.1
260 _aLondon
260 _bChapman and Hall
260 _c1972
300 _a300p.17cm.
653 _aEssays. Critical and Miscellaneous
942 _cBK
999 _c46644
_d46644